The Contemporary Garden : (Record no. 579559)

MARC details
000 -LEADER
fixed length control field 00454nam a2200181 a 4500
008 - FIXED-LENGTH DATA ELEMENTS--GENERAL INFORMATION
fixed length control field 250809s2009##################000#0#eng##
020 ## - INTERNATIONAL STANDARD BOOK NUMBER
ISBN 9780714849584
082 04 - DEWEY DECIMAL CLASSIFICATION NUMBER
Classification number 712.0922
Item number PHA
100 1# - MAIN ENTRY--AUTHOR NAME
Personal name Press, Editors of Phaidon,
245 10 - TITLE STATEMENT
Title The Contemporary Garden :
260 ## - PUBLICATION, DISTRIBUTION, ETC. (IMPRINT)
Name of publisher Phaidon Press,
Year of publication 2009.
650 #0 - SUBJECT ADDED ENTRY--TOPICAL TERM
Topical Term Gardening.
942 ## - ADDED ENTRY ELEMENTS (KOHA)
Koha item type English Books
Holdings
Withdrawn status Lost status Damaged status Not for loan Home library Current library Shelving location Date acquired Full call number Accession Number Price effective from Koha item type
        Anna Centenary Library Anna Centenary Library 6TH FLOOR, B WING 09.08.2025 712.0922 PHA 284211 09.08.2025 English Books

Find us on the map